Geography Quiz

Random Geography or State Quiz

Common Counties Quiz Stats

 Plays Quiz Updated Dec 6, 2018

Support Sporcle.
Go Orange.
Score 0/15 Timer 03:00
7 Plays Today
# of States County Name % Correct
31Washington
88.2%
26Jefferson
79.9%
24Lincoln
74.2%
20Madison
58.7%
24Jackson
57.6%
17Monroe
51.8%
25Franklin
44.4%
15Grant
33.3%
# of States County Name % Correct
17Montgomery
16.9%
14Greene
13.7%
16Wayne
11.4%
18Union
10.3%
18Clay
10.1%
14Warren
7.4%
17Marion
7.3%

From the Vault

Multi-Category Minefield Blitz VI

by MSpitzig

This quiz offers a surprise with every click!
Remove Ads.
Support Sporcle.
Get the best of Sporcle when you Go Orange. This ad-free experience offers more features, more stats, and more fun while also helping to support Sporcle. Thank you for becoming a member.

Show Comments

Extras

Top Quizzes Today


Score Distribution

Your Account Isn't Verified!

In order to create a playlist on Sporcle, you need to verify the email address you used during registration. Go to your Sporcle Settings to finish the process.

Report this User

Report this user for behavior that violates our Community Guidelines.

Details: